| 000 | 01649cam a2200517 i 4500 | ||
|---|---|---|---|
| 001 | 21785 | ||
| 003 | KOSZ 005 | ||
| 005 | 20250625063546.0 | ||
| 008 | 250624s1982 pl a f 000 0 pol | ||
| 015 | _aUWD 1983/1250 | ||
| 035 | _a991009207839705066 | ||
| 035 | _a(PL-WaBN)b12497964-48omnis_nlop | ||
| 035 | _ab12497964 | ||
| 035 | _a(OCoLC)749574417 | ||
| 035 | _azz2004962271 | ||
| 035 | _a(PL)b0000001249796 | ||
| 035 | _a(EXLNZ-48OMNIS_NETWORK)9910378722405606 | ||
| 040 |
_aWA N _cWA N _dKOSZ 005/RW |
||
| 046 | _k1982 | ||
| 080 | _a658.7 | ||
| 080 | _a621.796 | ||
| 080 | _a(03) | ||
| 100 | 1 |
_aBąkowski, Ryszard _eAutor |
|
| 245 | 1 | 0 |
_aLeksykon magazynowania / _cRyszard Bąkowski. |
| 250 | _aWydanie I. | ||
| 260 |
_aWarszawa : _bPaństwowe Wydawnictwo Ekonomiczne, _c1982. |
||
| 300 |
_a519, [1] stron : _brysunki, wykresy ; _c25 cm. |
||
| 336 |
_aTekst _btxt _2rdacontent |
||
| 337 |
_aBez urządzenia pośredniczącego _bn _2rdamedia |
||
| 338 |
_aWolumin _bnc _2rdacarrier |
||
| 380 | _aKsiążki | ||
| 380 | _aPublikacje informacyjne | ||
| 388 | 1 | _a1901-2000 | |
| 388 | 1 | _a1945-1989 | |
| 500 | _aDruk dwuszpaltowy. | ||
| 504 | _aBibliografia na stronach [518]-519. | ||
| 650 | 7 |
_aGospodarka magazynowa _2DBN |
|
| 650 | 7 |
_aMagazyn _2DBN |
|
| 655 | 7 |
_aEncyklopedia _2DBN |
|
| 658 | _aGospodarka, ekonomia, finanse | ||
| 658 | _aTransport i logistyka | ||
| 710 | 2 |
_aPolskie Wydawnictwo Ekonomiczne _4pbl |
|
| 856 |
_uhttps://koha.tu.koszalin.pl/cgi-bin/koha/opac-detail.pl?biblionumber=21785 _yKatalog online BPK |
||
| 942 |
_2UKD _cKS |
||
| 999 |
_c21785 _d21785 |
||